Geography of British Cheeses (Map Click) Quiz Stats

 Plays Quiz not verified by Sporcle

Score 0/21 Timer 05:00
0 Plays Today
% Correct
Cornwall
85.9%
Dorset
78.1%
Lancashire
75.8%
Shropshire
74.2%
Cheshire
70.3%
Leicester
70.3%
Caerphilly
68%
Gloucester
68%
Staffordshire
68%
Exmoor
60.2%
Derby
46.9%
% Correct
Cheddar
37.5%
Wensleydale
31.3%
Lanark
29.7%
Swaledale
27.3%
Buxton
23.4%
Ashdown Forest
21.1%
Dovedale
19.5%
Dunlop
17.2%
Stilton
16.4%
Teviotdale
16.4%

You're not logged in!

Compare scores with friends on all Sporcle quizzes.
Join for Free
OR
Log In

You Might Also Like...

Show Comments

Extras

Top Quizzes Today


Score Distribution

Your Account Isn't Verified!

In order to create a playlist on Sporcle, you need to verify the email address you used during registration. Go to your Sporcle Settings to finish the process.

Report this User

Report this user for behavior that violates our Community Guidelines.

Details: